[Event "Varese Province-ch"]
[Site "Gallarate"]
[Date "2013.01.26"]
[Round "4"]
[White "Tomassoni, Leonardo"]
[Black "Pepa, Syrja"]
[Result "0-1"]
[WhiteElo "1853"]
[BlackElo "1820"]
[PlyCount "78"]
[EventDate "2013.01.19"]
[EventType "swiss"]
[EventRounds "6"]
[EventCountry "ITA"]
[SourceTitle "EXT 2024"]
[Source "ChessBase"]
[SourceDate "2023.10.10"]
[SourceVersion "1"]
[SourceVersionDate "2023.10.10"]
[SourceQuality "1"]

1. e4 e6 2. d4 d5 3. Nf3 Nf6 4. e5 Nfd7 5. Nc3 c5 6. Bg5 Qb6 7. Be3 Qxb2 8. Na4 Qa3 9. c3 c4 10. Rb1 Nb6 11. Nxb6 axb6 12. Bd2 Qxa2 13. Be2 Qa4 14. 0-0 Qxd1 15. Rfxd1 Ra6 16. Ne1 Bd7 17. Nc2 Nc6 18. Ra1 Kd8 19. Rdb1 Kc7 20. Bg5 h6 21. Bh4 g5 22. Bg3 Be7 23. Bh5 Rf8 24. f4 gxf4 25. Bxf4 Bg5 26. Bxg5 hxg5 27. Rf1 Be8 28. Bg4 Bd7 29. Ne3 b5 30. Bh5 Rxa1 31. Rxa1 b4 32. cxb4 Nxd4 33. Rd1 Nc6 34. Ng4 Nxb4 35. Rf1 c3 36. Rc1 d4 37. Nf6 Nd3 38. Nxd7 Kxd7 39. Rc2 Nxe5 0-1

[Event "Varese Province-ch"]
[Site "Gallarate"]
[Date "2013.01.20"]
[Round "3"]
[White "Pepa, Syrja"]
[Black "Nossa, Mauro"]
[Result "1-0"]
[WhiteElo "1820"]
[BlackElo "1598"]
[PlyCount "92"]
[EventDate "2013.01.19"]
[EventType "swiss"]
[EventRounds "6"]
[EventCountry "ITA"]
[SourceTitle "EXT 2024"]
[Source "ChessBase"]
[SourceDate "2023.10.10"]
[SourceVersion "1"]
[SourceVersionDate "2023.10.10"]
[SourceQuality "1"]

1. d4 d5 2. c4 Nf6 3. Nc3 Bf5 4. e3 c6 5. Nf3 h6 6. Qb3 Bc8 7. cxd5 Nxd5 8. e4 Nxc3 9. bxc3 Nd7 10. Bf4 e6 11. Be2 Be7 12. 0-0 0-0 13. Rad1 Nf6 14. Bd3 Nh5 15. Be3 Nf6 16. c4 Qc7 17. h3 Rd8 18. e5 Nd7 19. Bb1 Nf8 20. Nh2 b6 21. f4 f5 22. exf6 Bxf6 23. Nf3 Bb7 24. Ne5 Rab8 25. Qc3 c5 26. dxc5 bxc5 27. Qc2 Rxd1 28. Qxd1 Bxe5 29. fxe5 Rd8 30. Qh5 Ba6 31. Qh4 Rd7 32. Qf2 Rf7 33. Qxf7+ Qxf7 34. Rxf7 Kxf7 35. Bxc5 Bxc4 36. Bxa7 Nd7 37. Bd4 Nb8 38. Kf2 Nc6 39. Bc3 Ne7 40. a4 Nd5 41. Bd2 Ke7 42. Bc1 Kd7 43. Ba3 Ke8 44. Bg6+ Kd7 45. Bf8 Ne7 46. Be4 Nf5 1-0

[Event "Varese op 10th"]
[Site "Varese"]
[Date "2010.10.17"]
[Round "6"]
[White "Pepa, Syrja"]
[Black "Picchi, Luciano Enrico"]
[Result "1-0"]
[WhiteElo "1810"]
[BlackElo "1497"]
[PlyCount "37"]
[EventDate "2010.10.09"]
[EventType "swiss"]
[EventRounds "6"]
[EventCountry "ITA"]
[SourceTitle "EXT 2024"]
[Source "ChessBase"]
[SourceDate "2023.10.10"]
[SourceVersion "1"]
[SourceVersionDate "2023.10.10"]
[SourceQuality "1"]

1. e4 e5 2. Nf3 Nc6 3. Bc4 Bc5 4. c3 Nf6 5. 0-0 Qe7 6. d4 exd4 7. cxd4 Bb6 8. e5 Ng4 9. h3 Nh6 10. Nc3 Qb4 11. Qe2 Nxd4 12. Nxd4 Bxd4 13. Nd5 Qc5 14. Nf6+ Kf8 15. Bf4 Nf5 16. Nd5 g5 17. b4 Bxf2+ 18. Rxf2 Qd4 19. Rd1 1-0

[Event "Varese op 10th"]
[Site "Varese"]
[Date "2010.10.10"]
[Round "3"]
[White "Ambrosini, Andrea"]
[Black "Pepa, Syrja"]
[Result "1/2-1/2"]
[WhiteElo "1497"]
[BlackElo "1810"]
[PlyCount "139"]
[EventDate "2010.10.09"]
[EventType "swiss"]
[EventRounds "6"]
[EventCountry "ITA"]
[SourceTitle "EXT 2024"]
[Source "ChessBase"]
[SourceDate "2023.10.10"]
[SourceVersion "1"]
[SourceVersionDate "2023.10.10"]
[SourceQuality "1"]

1. e4 c5 2. Nf3 d6 3. d4 cxd4 4. Nxd4 Nf6 5. Nc3 a6 6. Be3 e6 7. Bd3 Be7 8. h3 Nc6 9. a3 0-0 10. Qe2 Ne5 11. Nf3 Nxd3+ 12. cxd3 e5 13. 0-0 Bd7 14. Nh2 Bc6 15. f4 exf4 16. Rxf4 Nd7 17. Ng4 Ne5 18. Nxe5 dxe5 19. Rf5 Qd6 20. Rd1 Bf6 21. Qf2 Qe6 22. Bh6 Be7 23. Bg5 f6 24. Be3 Rfd8 25. Bc5 Bxc5 26. Qxc5 Rac8 27. Qf2 Rd6 28. d4 exd4 29. Rxd4 Rcd8 30. Rxd6 Rxd6 31. e5 Rd2 32. Qxd2 Qxf5 33. Qd8+ Kf7 34. exf6 Qxf6 35. Qxf6+ Kxf6 36. Kf2 Ke5 37. g3 Kd4 38. Ke2 Bg2 39. h4 Bh3 40. Kd2 Kc4 41. Na4 Bg2 42. Nb6+ Kd4 43. Ke2 Bc6 44. Nc8 Bb5+ 45. Kd2 Kc4 46. Nd6+ Kb3 47. Kc1 Bc6 48. Nf5 g6 49. Nd6 h5 50. Nf7 Bd5 51. Ne5 Be4 52. Nf7 b5 53. Nd6 Bd5 54. Ne8 Kc4 55. Nc7 Bb7 56. Kd2 a5 57. Ne6 Be4 58. Nc7 Bf5 59. Ne8 b4 60. axb4 Kxb4 61. Nd6 Be6 62. Ne8 a4 63. Nd6 Bd5 64. Nc8 Be6 65. Na7 Kc4 66. Nc6 Bd5 67. Ne5+ Kb3 68. Kc1 Be4 69. Nd7 Bf5 70. Ne5 1/2-1/2

[Event "Lombardia Region-ch"]
[Site "Solaro"]
[Date "2010.05.29"]
[Round "2"]
[White "Mondini, Francesco"]
[Black "Pepa, Syrja"]
[Result "0-1"]
[WhiteElo "1516"]
[BlackElo "1820"]
[PlyCount "44"]
[EventDate "2010.05.28"]
[EventType "swiss"]
[EventRounds "5"]
[EventCountry "ITA"]
[SourceTitle "EXT 2024"]
[Source "ChessBase"]
[SourceDate "2023.10.10"]
[SourceVersion "1"]
[SourceVersionDate "2023.10.10"]
[SourceQuality "1"]

1. c4 c5 2. Nf3 Nc6 3. g3 Nf6 4. Nc3 d6 5. Bg2 g6 6. d3 Bg7 7. 0-0 0-0 8. Rb1 a6 9. a4 Bd7 10. Bd2 Rb8 11. Qc1 Re8 12. Nd5 Nd4 13. Nxd4 Nxd5 14. a5 cxd4 15. Bxd5 Bh3 16. Re1 e6 17. Bf3 Qc7 18. Bf4 e5 19. Bh6 Be6 20. b4 f5 21. e4 f4 22. gxf4 Bxh6 0-1

[Event "Lombardia Region-ch"]
[Site "Solaro"]
[Date "2010.05.29"]
[Round "3"]
[White "Pepa, Syrja"]
[Black "Gonella, Daniele"]
[Result "0-1"]
[WhiteElo "1820"]
[BlackElo "1937"]
[PlyCount "39"]
[EventDate "2010.05.28"]
[EventType "swiss"]
[EventRounds "5"]
[EventCountry "ITA"]
[SourceTitle "EXT 2024"]
[Source "ChessBase"]
[SourceDate "2023.10.10"]
[SourceVersion "1"]
[SourceVersionDate "2023.10.10"]
[SourceQuality "1"]

1. d4 d5 2. c4 e6 3. Nc3 c6 4. e3 Nf6 5. Nf3 Nbd7 6. Be2 dxc4 7. Bxc4 b5 8. Bd3 Bb7 9. 0-0 a6 10. e4 c5 11. e5 cxd4 12. Nxb5 Bxf3 13. Qxf3 Nd5 14. Nd6+ Bxd6 15. exd6 Ne5 16. Qe4 Nxd3 17. Qxd3 Qxd6 18. Qxd4 0-0 19. Qg4 Qe5 20. b3 0-1

[Event "Lombardia Region-ch"]
[Site "Solaro"]
[Date "2010.05.28"]
[Round "1"]
[White "Pepa, Syrja"]
[Black "Aranovitch, Emiliano"]
[Result "0-1"]
[WhiteElo "1820"]
[BlackElo "2355"]
[PlyCount "106"]
[EventDate "2010.05.28"]
[EventType "swiss"]
[EventRounds "5"]
[EventCountry "ITA"]
[SourceTitle "EXT 2024"]
[Source "ChessBase"]
[SourceDate "2023.10.10"]
[SourceVersion "1"]
[SourceVersionDate "2023.10.10"]
[SourceQuality "1"]

1. d4 Nf6 2. c4 c5 3. dxc5 Na6 4. Nc3 Nxc5 5. Nf3 g6 6. Qc2 Bg7 7. e4 d6 8. Be2 Bg4 9. 0-0 0-0 10. h3 Bxf3 11. Bxf3 Rc8 12. Be3 Nfd7 13. b4 Ne6 14. Qb3 Nd4 15. Bxd4 Bxd4 16. Rac1 Ne5 17. Be2 Nc6 18. Rfd1 Bg7 19. c5 Nd4 20. Qa3 a5 21. bxa5 Rxc5 22. Bf1 Qxa5 23. Qxa5 Rxa5 24. Rb1 Rb8 25. Rd2 Nf3+ 26. gxf3 Bxc3 27. Rc2 Bd4 28. Bb5 Bc5 29. a4 Kg7 30. f4 Rd8 31. Rc4 b6 32. Kg2 Rf8 33. Rd1 e6 34. Kf3 Rfa8 35. Kg3 f5 36. f3 R5a7 37. h4 Rf8 38. e5 d5 39. Rc2 Raa8 40. Rd3 Ra5 41. Rdd2 Raa8 42. Ra2 Ra7 43. Kg2 Kh6 44. Kg3 Kh5 45. Bc6 Be7 46. Rh2 Rc8 47. Bb5 Rac7 48. Rab2 Rc1 49. Bd3 Rg1+ 50. Kf2 Rcc1 51. Ke3 Bc5+ 52. Ke2 Rge1+ 53. Kd2 Be3# 0-1

[Event "Varese Province-ch"]
[Site "Gallarate"]
[Date "2010.01.30"]
[Round "4"]
[White "Pepa, Syrja"]
[Black "Musso, Roberto"]
[Result "1-0"]
[WhiteElo "1825"]
[BlackElo "1762"]
[PlyCount "93"]
[EventDate "2010.01.23"]
[EventType "swiss"]
[EventRounds "6"]
[EventCountry "ITA"]
[SourceTitle "EXT 2024"]
[Source "ChessBase"]
[SourceDate "2023.10.10"]
[SourceVersion "1"]
[SourceVersionDate "2023.10.10"]
[SourceQuality "1"]

1. d4 Nf6 2. c4 g6 3. Nc3 d5 4. cxd5 Nxd5 5. e4 Nxc3 6. bxc3 Bg7 7. Qb3 0-0 8. Nf3 c5 9. Be3 Qa5 10. Bc4 Nc6 11. 0-0 cxd4 12. cxd4 e6 13. Rad1 a6 14. d5 exd5 15. exd5 Ne5 16. Nxe5 Bxe5 17. d6 Qd8 18. Bb6 Qd7 19. Rfe1 Bxd6 20. Bc5 Bxc5 21. Rxd7 Bxd7 22. Qxb7 Be6 23. Rxe6 Rab8 24. Qc6 Rb1+ 25. Bf1 Bxf2+ 26. Kxf2 fxe6+ 27. Kg3 Rbxf1 28. Qxe6+ Kg7 29. Qxa6 R1f5 30. h4 R8f6 31. Qa7+ Kh6 32. Qe3+ g5 33. a4 Kg6 34. Qa3 gxh4+ 35. Kxh4 Kg7 36. Qc3 Kg6 37. g4 Rf1 38. Qd3+ Kf7 39. Qxh7+ Ke6 40. Qe4+ Kd7 41. Kg5 Rf8 42. Qd5+ Kc7 43. a5 Kb8 44. a6 R1f7 45. Qd6+ Ka7 46. Kg6 Rf6+ 47. Qxf6 1-0

[Event "Varese op 9th"]
[Site "Varese"]
[Date "2009.10.18"]
[Round "6"]
[White "Cervini, Gian Piero"]
[Black "Pepa, Syrja"]
[Result "0-1"]
[WhiteElo "1767"]
[BlackElo "1835"]
[PlyCount "84"]
[EventDate "2009.10.10"]
[EventType "swiss"]
[EventRounds "6"]
[EventCountry "ITA"]
[SourceTitle "EXT 2024"]
[Source "ChessBase"]
[SourceDate "2023.10.10"]
[SourceVersion "1"]
[SourceVersionDate "2023.10.10"]
[SourceQuality "1"]

1. e4 c5 2. c3 Nc6 3. d4 cxd4 4. cxd4 d5 5. exd5 Qxd5 6. Nc3 Qxd4 7. Qxd4 Nxd4 8. Nb5 Nxb5 9. Bxb5+ Bd7 10. Bxd7+ Kxd7 11. Nf3 e6 12. Be3 Nf6 13. 0-0-0+ Ke8 14. Rd3 Nd5 15. Bd4 Be7 16. Re1 Rc8+ 17. Kb1 b6 18. Ne5 f6 19. Ng4 Kf7 20. Ne3 Rhd8 21. Nc2 Rxc2 22. Bxb6 Rd7 23. Be3 Rdc7 24. Bxa7 Nb4 25. Rde3 Rxa7 26. a3 Rc6 27. axb4 Bxb4 28. Rd1 Rac7 29. Re2 e5 30. f3 Bc5 31. g3 g5 32. Rf1 Bd4 33. f4 Kg6 34. Rg2 g4 35. h3 h5 36. hxg4 hxg4 37. Rh1 Rb7 38. Rh4 Rcb6 39. fxe5 Bxe5 40. Rhh2 Rb3 41. Rh4 Kg5 42. Rgh2 Rxb2+ 0-1

[Event "Ceriano Laghetto op-B 18th"]
[Site "Ceriano Laghetto"]
[Date "2009.03.29"]
[Round "4"]
[White "Pepa, Syrja"]
[Black "Donghi, Fabio"]
[Result "1/2-1/2"]
[WhiteElo "1830"]
[BlackElo "1670"]
[PlyCount "99"]
[EventDate "2009.03.27"]
[EventType "swiss"]
[EventRounds "5"]
[EventCountry "ITA"]
[SourceTitle "EXT 2011"]
[Source "ChessBase"]
[SourceDate "2010.11.26"]
[SourceVersion "1"]
[SourceVersionDate "2010.11.26"]
[SourceQuality "1"]

1. d4 Nf6 2. c4 e6 3. Nc3 Bb4 4. Qc2 c5 5. dxc5 Bxc5 6. Nf3 Nc6 7. Bg5 Be7 8. e3 b6 9. Be2 Bb7 10. 0-0 0-0 11. Rad1 Rc8 12. Qd2 d6 13. Bxf6 gxf6 14. Ne4 Ne5 15. Nxd6 Nxf3+ 16. gxf3 Bxd6 17. Qxd6 Qc7 18. Rd4 Qc5 19. Qxc5 Rxc5 20. Rd7 Rg5+ 21. Kh1 Ba8 22. Rg1 a5 23. h4 Rg6 24. Kh2 Rxg1 25. Kxg1 f5 26. Kh2 Kg7 27. Kg3 Kf6 28. Rd6 Rg8+ 29. Kh2 Rb8 30. f4 Ke7 31. Rd4 Rg8 32. f3 Rd8 33. Rxd8 Kxd8 34. Kg3 Kc7 35. Bd3 Kd6 36. e4 fxe4 37. fxe4 h6 38. Kg4 Kc5 39. Kh5 Kd4 40. Bb1 Bxe4 41. Bxe4 Kxe4 42. Kxh6 Kxf4 43. h5 e5 44. Kg7 e4 45. h6 e3 46. h7 e2 47. h8Q e1Q 48. Qb8+ Qe5+ 49. Qxe5+ Kxe5 50. Kxf7 1/2-1/2

[Event "Ceriano Laghetto op-B 17th"]
[Site "Ceriano Laghetto"]
[Date "2008.03.30"]
[Round "4"]
[White "Pepa, Syrja"]
[Black "Marcangeli, Alessandro"]
[Result "1-0"]
[WhiteElo "1839"]
[BlackElo "1658"]
[PlyCount "56"]
[EventDate "2008.03.28"]
[EventType "swiss"]
[EventRounds "5"]
[EventCountry "ITA"]
[SourceTitle "EXT 2011"]
[Source "ChessBase"]
[SourceDate "2010.11.26"]
[SourceVersion "1"]
[SourceVersionDate "2010.11.26"]
[SourceQuality "1"]

1. e4 c5 2. Nf3 d6 3. d4 cxd4 4. Nxd4 Nf6 5. Nc3 g6 6. Be3 Bg7 7. f3 0-0 8. Qd2 Nc6 9. 0-0-0 Bd7 10. Kb1 Re8 11. h4 Rc8 12. g4 Ne5 13. h5 Nc4 14. Bxc4 Rxc4 15. hxg6 Rxc3 16. gxf7+ Kxf7 17. Qxc3 b5 18. g5 Ng8 19. Qb3+ e6 20. Nf5 Kg6 21. Rxd6 Bf8 22. Nh4+ Kf7 23. Rd2 Qc7 24. Rhd1 Bc6 25. Nf5 Kg6 26. Nd4 Bd7 27. Nxb5 Bxb5 28. Qxb5 Rb8 1-0

[Event "Robecchetto op-A 18th"]
[Site "Robecchetto"]
[Date "2007.12.29"]
[Round "4"]
[White "Pepa, Syrja"]
[Black "Ronconi, Fausto"]
[Result "1/2-1/2"]
[WhiteElo "1828"]
[BlackElo "1720"]
[PlyCount "127"]
[EventDate "2007.12.27"]
[EventType "swiss"]
[EventRounds "6"]
[EventCountry "ITA"]
[SourceTitle "EXT 2011"]
[Source "ChessBase"]
[SourceDate "2010.11.26"]
[SourceVersion "1"]
[SourceVersionDate "2010.11.26"]
[SourceQuality "1"]

1. d4 d5 2. c4 e6 3. Nc3 Nf6 4. e3 Be7 5. Nf3 0-0 6. Bd3 dxc4 7. Bxc4 Nbd7 8. 0-0 b6 9. b3 Bb7 10. Bb2 c5 11. Rc1 cxd4 12. Nxd4 Ne5 13. Be2 Rc8 14. Qd2 Nc6 15. Bf3 Nxd4 16. Qxd4 Qxd4 17. exd4 Bxf3 18. gxf3 Rfd8 19. Ne4 Nd5 20. Rfd1 Nf4 21. Kf1 Rxc1 22. Bxc1 Ng6 23. Be3 h6 24. Rc1 e5 25. dxe5 Nxe5 26. Rc7 Rd7 27. Rxd7 Nxd7 28. Bd4 f5 29. Nc3 Kf7 30. Nb5 a6 31. Nc7 a5 32. Nd5 Bd8 33. Ke2 g5 34. Kd3 Ke6 35. Ne3 Ne5+ 36. Ke2 Nc6 37. Bc3 b5 38. Kd3 h5 39. h3 Ne5+ 40. Ke2 a4 41. bxa4 bxa4 42. Bb4 Bb6 43. Bf8 Ng6 44. Nc4 Bd4 45. Ba3 Nf4+ 46. Kf1 Nxh3 47. Nb2 Bxb2 48. Bxb2 Kd5 49. Bf6 g4 50. Kg2 Nf4+ 51. Kg3 Nd3 52. fxg4 hxg4 53. f3 Nc5 54. Bb2 gxf3 55. Kxf3 Nd3 56. Bg7 Nb4 57. a3 Nc2 58. Bf8 Kc4 59. Kf4 Kb3 60. Kxf5 Nxa3 61. Ke4 Nc2 62. Kd3 Nb4+ 63. Bxb4 Kxb4 64. Kc2 1/2-1/2

[Event "Robecchetto op-A 18th"]
[Site "Robecchetto"]
[Date "2007.12.28"]
[Round "3"]
[White "D'Apa, Matteo"]
[Black "Pepa, Syrja"]
[Result "1-0"]
[WhiteElo "2085"]
[BlackElo "1828"]
[PlyCount "89"]
[EventDate "2007.12.27"]
[EventType "swiss"]
[EventRounds "6"]
[EventCountry "ITA"]
[SourceTitle "EXT 2011"]
[Source "ChessBase"]
[SourceDate "2010.11.26"]
[SourceVersion "1"]
[SourceVersionDate "2010.11.26"]
[SourceQuality "1"]

1. d4 d5 2. c4 e6 3. Nf3 Nf6 4. Nc3 Be7 5. Bg5 h6 6. Bh4 Nbd7 7. e3 b6 8. Bd3 Bb7 9. 0-0 0-0 10. Rc1 a6 11. b3 Rc8 12. Bb1 c5 13. cxd5 Nxd5 14. Bxe7 Nxe7 15. e4 cxd4 16. Nxd4 e5 17. Nf3 Ng6 18. Qe2 Nf6 19. Rfd1 Qe7 20. Nd2 b5 21. Nf1 Nf4 22. Qf3 Qb4 23. Nd5 N4xd5 24. Rxc8 Rxc8 25. exd5 e4 26. Qf5 Rd8 27. Ne3 Bc8 28. Qe5 Qd6 29. Qxd6 Rxd6 30. Rd4 Bb7 31. Bxe4 Nxe4 32. Rxe4 Rd7 33. Rd4 Kf8 34. Kf1 Ke7 35. Ke2 Kd6 36. Kd3 g6 37. g4 Rc7 38. h4 Rc1 39. h5 Ra1 40. hxg6 fxg6 41. f4 Rxa2 42. f5 gxf5 43. Nxf5+ Ke5 44. d6 Bc6 45. d7 1-0

[Event "Bresso op 6th"]
[Site "Bresso"]
[Date "2007.06.16"]
[Round "3"]
[White "Pepa, Syrja"]
[Black "Andreazza, Attilio"]
[Result "1-0"]
[WhiteElo "1817"]
[BlackElo "2092"]
[PlyCount "95"]
[EventDate "2007.06.14"]
[EventType "swiss"]
[EventRounds "6"]
[EventCountry "ITA"]
[SourceTitle "EXT 2010"]
[Source "ChessBase"]
[SourceDate "2010.11.25"]
[SourceVersion "1"]
[SourceVersionDate "2010.11.25"]
[SourceQuality "1"]

1. e4 c6 2. d4 d5 3. Nc3 dxe4 4. Nxe4 Bf5 5. Ng3 Bg6 6. Nf3 Nd7 7. h4 h6 8. h5 Bh7 9. Bd3 Bxd3 10. Qxd3 Qc7 11. Be3 Ngf6 12. 0-0-0 e6 13. Kb1 Bd6 14. Ne4 Nxe4 15. Qxe4 Nf6 16. Qd3 Qa5 17. Bd2 Qc7 18. Qe2 0-0-0 19. Ne5 c5 20. Bf4 Rhe8 21. Bg3 Bxe5 22. Bxe5 Qc6 23. Rh3 c4 24. Rc3 b5 25. Bxf6 gxf6 26. b3 Qxg2 27. bxc4 b4 28. Rb3 a5 29. a3 Kc7 30. axb4 axb4 31. Rxb4 Rb8 32. Rb5 Rxb5+ 33. cxb5 Qd5 34. c4 Qf5+ 35. Kb2 Rg8 36. Rd2 Rg1 37. Rc2 Rh1 38. Kb3 Rxh5 39. Ra2 Rh3+ 40. Kb4 Qb1+ 41. Kc5 Qf5+ 42. d5 Kb7 43. b6 Rc3 44. Ra7+ Kb8 45. Qa2 Qxd5+ 46. Kb4 Qf3 47. Rxf7 Rd3 48. Qa7+ 1-0

[Event "Bresso op 6th"]
[Site "Bresso"]
[Date "2007.06.15"]
[Round "2"]
[White "Pelizzola, Danilo"]
[Black "Pepa, Syrja"]
[Result "1-0"]
[WhiteElo "2070"]
[BlackElo "1817"]
[PlyCount "141"]
[EventDate "2007.06.14"]
[EventType "swiss"]
[EventRounds "6"]
[EventCountry "ITA"]
[SourceTitle "EXT 2010"]
[Source "ChessBase"]
[SourceDate "2010.11.25"]
[SourceVersion "1"]
[SourceVersionDate "2010.11.25"]
[SourceQuality "1"]

1. e4 e5 2. Nf3 Nc6 3. Bb5 a6 4. Ba4 Nf6 5. 0-0 b5 6. Bb3 Be7 7. Re1 0-0 8. c3 d6 9. h3 Na5 10. Bc2 c5 11. d4 Nc6 12. Be3 Qc7 13. Nbd2 Re8 14. d5 Nb8 15. Qe2 Nbd7 16. b3 Nf8 17. Bd3 Bd7 18. Nf1 Ng6 19. g4 Rec8 20. Ng3 c4 21. bxc4 bxc4 22. Bc2 Nxg4 23. hxg4 Bxg4 24. Nf5 Qa5 25. Bd1 Qxc3 26. Rc1 Qb4 27. Rf1 c3 28. Qc2 Rab8 29. N3h4 Bxd1 30. Nxe7+ Nxe7 31. Rfxd1 Qa3 32. Rb1 Rb2 33. Rxb2 cxb2 34. Qb3 Qxb3 35. axb3 Rc3 36. Rb1 Rxb3 37. Bd2 g6 38. f3 f5 39. Kf2 Kf7 40. Ke2 Kf6 41. Ng2 g5 42. Ne3 h5 43. Nc4 Nc8 44. Rxb2 Rxb2 45. Nxb2 fxe4 46. fxe4 g4 47. Nc4 Kg6 48. Kf2 h4 49. Kg2 Kh5 50. Kh2 Kg6 51. Ne3 Kh5 52. Nf5 Nb6 53. Nxd6 Nd7 54. Nb7 Kg6 55. Kg2 Kf6 56. Kf2 Kg6 57. Ba5 Kg5 58. Bd2+ Kg6 59. Bb4 Kg5 60. Nc5 Nb6 61. Nd3 Kf6 62. Ba5 Nc4 63. Bd8+ Kf7 64. Bxh4 a5 65. Nc5 Ke8 66. Ke2 Kf7 67. Kd3 Nd6 68. Bg3 a4 69. Nxa4 Kf6 70. Nb6 Nf7 71. Nc4 1-0

[Event "Robecchetto op"]
[Site "Robecchetto"]
[Date "2006.12.27"]
[Round "1"]
[White "Pepa, Syrja"]
[Black "Andreoli, Mark"]
[Result "1-0"]
[WhiteElo "1814"]
[BlackElo "2053"]
[PlyCount "101"]
[EventDate "2006.12.27"]
[EventType "swiss"]
[EventRounds "6"]
[EventCountry "ITA"]
[SourceTitle "CBM 116 Extra"]
[Source "ChessBase"]
[SourceDate "2007.03.07"]
[SourceVersion "1"]
[SourceVersionDate "2007.03.07"]
[SourceQuality "1"]

1. d4 c5 2. dxc5 e6 3. Nf3 Bxc5 4. e4 Nc6 5. Be2 Nf6 6. Nbd2 d5 7. exd5 exd5 8. 0-0 0-0 9. Nb3 Be7 10. c3 h6 11. h3 Bf5 12. Nfd4 Bg6 13. Bd3 Bxd3 14. Qxd3 Bd6 15. Be3 Re8 16. Rad1 Ne5 17. Qc2 Rc8 18. Nf5 a6 19. Rfe1 Nc4 20. Bd4 Be5 21. Bxe5 Nxe5 22. Nbd4 Qc7 23. Re3 Ne4 24. Rde1 b5 25. a3 Nc4 26. R3e2 Ncd6 27. f3 Nxf5 28. Nxf5 Nf6 29. Ne7+ Rxe7 30. Rxe7 Qc5+ 31. Qf2 Qd6 32. Qa7 Rf8 33. Qc7 Qxc7 34. Rxc7 d4 35. cxd4 Rd8 36. Ree7 Rxd4 37. Rxf7 Ne8 38. Ra7 Rd2 39. Rfe7 Rd8 40. Rxa6 Nd6 41. Raa7 Nf5 42. Red7 Rc8 43. Rac7 Re8 44. g4 Nh4 45. Rxg7+ Kh8 46. Kf2 b4 47. Kg3 bxa3 48. bxa3 h5 49. Rh7+ Kg8 50. Kxh4 hxg4 51. hxg4 1-0

[Event "Ceriano Laghetto op-B 15th"]
[Site "Ceriano Laghetto"]
[Date "2006.04.01"]
[Round "3"]
[White "Scarpellini, Felice"]
[Black "Pepa, Syrja"]
[Result "0-1"]
[WhiteElo "1941"]
[BlackElo "1718"]
[PlyCount "144"]
[EventDate "2006.03.31"]
[EventType "swiss"]
[EventRounds "5"]
[EventCountry "ITA"]
[SourceTitle "EXT 2011"]
[Source "ChessBase"]
[SourceDate "2010.11.26"]
[SourceVersion "1"]
[SourceVersionDate "2010.11.26"]
[SourceQuality "1"]

1. c4 e5 2. Nc3 Nf6 3. g3 Nc6 4. Bg2 Be7 5. Nf3 0-0 6. 0-0 a6 7. d4 exd4 8. Nxd4 Ne5 9. b3 Bc5 10. Bb2 d6 11. Nd5 c6 12. Nxf6+ Qxf6 13. Qc2 Qh6 14. Nf5 Qg5 15. Nd4 Qh5 16. Nf3 f6 17. Nxe5 fxe5 18. a3 Bg4 19. e3 Bh3 20. b4 Bb6 21. c5 dxc5 22. bxc5 Bxg2 23. Kxg2 Qf3+ 24. Kg1 Bc7 25. Rad1 h5 26. Rd7 Rac8 27. Qg6 Rf7 28. Qe6 Qf6 29. Qc4 Qf5 30. Rdd1 Kh8 31. e4 Qg6 32. h4 Rf4 33. Kh2 Rxe4 34. Qd3 Rd8 35. Qf3 Rd5 36. Rxd5 cxd5 37. Qb3 Qc6 38. Qf3 Rg4 39. Qf8+ Kh7 40. Qf5+ Qg6 41. Qd7 Ba5 42. Qxd5 e4 43. Bc1 Bc7 44. Bg5 e3 45. fxe3 Rxg3 46. Kh1 Rh3+ 47. Kg2 Rxh4 48. Rf5 Rg4+ 49. Kf3 Qc6 50. Qxc6 bxc6 51. Bf4 Kg6 52. Rf8 Bxf4 53. exf4 Rg1 54. Rc8 Kf5 55. Rxc6 Rf1+ 56. Kg3 h4+ 57. Kxh4 Kxf4 58. Kh3 Rf3+ 59. Kg2 Rxa3 60. Rg6 Rc3 61. Rxa6 Rxc5 62. Rg6 Rg5+ 63. Rxg5 Kxg5 64. Kg3 g6 65. Kf2 Kg4 66. Kg2 g5 67. Kh2 Kf3 68. Kg1 Kg3 69. Kh1 Kf2 70. Kh2 g4 71. Kh1 Kf3 72. Kg1 Kg3 0-1

[Event "Cocquio Trevisago op 15th"]
[Site "Cocquio Trevisago"]
[Date "2002.10.26"]
[Round "4"]
[White "Pepa, Syrja"]
[Black "Bernasconi, Fabio"]
[Result "1-0"]
[WhiteElo "1684"]
[BlackElo "1594"]
[PlyCount "67"]
[EventDate "2002.10.19"]
[EventType "swiss"]
[EventRounds "6"]
[EventCountry "ITA"]
[SourceTitle "EXT 2024"]
[Source "ChessBase"]
[SourceDate "2023.10.10"]
[SourceVersion "1"]
[SourceVersionDate "2023.10.10"]
[SourceQuality "1"]

1. e4 e6 2. d4 d5 3. Nc3 dxe4 4. Nxe4 Nd7 5. Bc4 Ngf6 6. Bg5 Be7 7. Nxf6+ Bxf6 8. Be3 0-0 9. Nf3 b6 10. 0-0 Bb7 11. c3 Rc8 12. Bd3 c5 13. Re1 cxd4 14. Nxd4 a6 15. Qe2 Nc5 16. Bc2 Qc7 17. Qg4 g6 18. h4 h5 19. Qh3 Qd8 20. Rad1 Qe7 21. Bh6 Rfd8 22. b4 Rxd4 23. cxd4 Nd7 24. Bb3 Qxb4 25. Bxe6 Rc3 26. Bxf7+ Kh7 27. Be3 Qa4 28. Be8 Bc6 29. Qe6 Rxe3 30. fxe3 Qc2 31. d5 Bxh4 32. Bxg6+ Qxg6 33. Qxg6+ Kxg6 34. dxc6 1-0

[Event "Cocquio Trevisago op 15th"]
[Site "Cocquio Trevisago"]
[Date "2002.10.20"]
[Round "2"]
[White "Giordani, Marco"]
[Black "Pepa, Syrja"]
[Result "1-0"]
[WhiteElo "2097"]
[BlackElo "1684"]
[PlyCount "101"]
[EventDate "2002.10.19"]
[EventType "swiss"]
[EventRounds "6"]
[EventCountry "ITA"]
[SourceTitle "EXT 2024"]
[Source "ChessBase"]
[SourceDate "2023.10.10"]
[SourceVersion "1"]
[SourceVersionDate "2023.10.10"]
[SourceQuality "1"]

1. d4 Nf6 2. c4 e6 3. Nc3 Bb4 4. Qc2 c5 5. dxc5 Bxc5 6. Nf3 Nc6 7. Bg5 h6 8. Bh4 b6 9. e3 Bb7 10. Rd1 Ne7 11. Bxf6 gxf6 12. a3 Nf5 13. e4 Ng7 14. b4 Be7 15. Be2 Qc7 16. Qd2 Rd8 17. 0-0 d6 18. Nd4 e5 19. Ndb5 Qb8 20. Nd5 Ne6 21. Nbc3 Nd4 22. Bh5 Qc8 23. Qd3 Rg8 24. f4 Rg7 25. fxe5 dxe5 26. Nxf6+ Kf8 27. Qe3 Rg5 28. Nh7+ Kg8 29. Nxg5 Bxg5 30. Bxf7+ Kh8 31. Qe1 Qg4 32. Qg3 Qxg3 33. hxg3 Bc8 34. Bh5 Be6 35. Nd5 Rc8 36. Rc1 Nb3 37. Rc2 Nd2 38. Bf7 Bg4 39. Re1 Kg7 40. Ne3 Kxf7 41. Nxg4 Ke6 42. c5 Nb3 43. Rd1 bxc5 44. bxc5 Nd4 45. Rc4 h5 46. Nh2 Rc6 47. Nf3 Be3+ 48. Kf1 Nxf3 49. gxf3 Rxc5 50. Rxc5 Bxc5 51. a4 1-0

[Event "Cocquio Trevisago op 15th"]
[Site "Cocquio Trevisago"]
[Date "2002.10.20"]
[Round "3"]
[White "Pepa, Syrja"]
[Black "D'Aulisa, Francesco"]
[Result "1-0"]
[WhiteElo "1684"]
[BlackElo "1504"]
[PlyCount "83"]
[EventDate "2002.10.19"]
[EventType "swiss"]
[EventRounds "6"]
[EventCountry "ITA"]
[SourceTitle "EXT 2024"]
[Source "ChessBase"]
[SourceDate "2023.10.10"]
[SourceVersion "1"]
[SourceVersionDate "2023.10.10"]
[SourceQuality "1"]

1. e4 d6 2. d4 e6 3. Bd3 Nd7 4. Be3 h6 5. Ne2 Ne7 6. 0-0 e5 7. c3 g5 8. Ng3 Ng6 9. Nf5 Nf6 10. dxe5 Nxe5 11. Bc2 Bxf5 12. exf5 Bg7 13. f4 Nc4 14. Bc1 g4 15. Qe2+ Kf8 16. Qxc4 h5 17. Re1 h4 18. Be3 g3 19. h3 Ng4 20. Nd2 d5 21. Bc5+ Kg8 22. Qe2 Nh2 23. Nf3 b6 24. Be7 Qe8 25. f6 Bf8 26. Nxh2 gxh2+ 27. Kxh2 Rc8 28. Qe5 Bh6 29. Bf5 Qa4 30. g3 hxg3+ 31. Kxg3 Bg5 32. Rg1 Rh6 33. Kf3 Kh8 34. Rxg5 Qc6 35. Qd4 Rg8 36. Rxg8+ Kxg8 37. Rg1+ Kh8 38. Rg3 Qb5 39. Qg1 Qe8 40. Rg7 Rh5 41. Qg4 Rh6 42. Qg5 1-0